Árboles por Imagen - Estadísticas

Estadísticas generales
  • Esta prueba ha sido intentada 83 veces
  • La puntuación promedio es 9 de 15
Estadísticas de respuestas
Imagen Respuesta % Correcto
Pino
97%
Cerezo
85%
Sauce
85%
Abeto
78%
Olivo
78%
Roble
75%
Baobab
69%
Secuoya
67%
Eucalipto
54%
Arce
44%
Acacia
42%
Drago de Socotra
40%
Jacarandá
26%
Araucaria
25%
Espino
11%
No se encontraron pruebas coincidentes
Distribución de puntuación
Porcentaje de gente con cada puntuación
Porcentaje por número respondido
Historial de tus puntuaciones
No has intentado esta prueba.